Normal view MARC view

Entry Geographic Name

Number of records used in: 2

001 - CONTROL NUMBER

  • control field: 28114

003 - CONTROL NUMBER IDENTIFIER

  • control field: dpl

005 - DATE AND TIME OF LATEST TRANSACTION

  • control field: 20110516123334.0

008 - FIXED-LENGTH DATA ELEMENTS

  • fixed length control field: 110516|||a|||||| | ||| d

040 ## - CATALOGING SOURCE

  • Original cataloging agency: dpl
  • Transcribing agency: dpl

151 ## - HEADING--GEOGRAPHIC NAME

  • Geographic name: Indian Ocean
  • General subdivision: Politics and government.

670 ## - SOURCE DATA FOUND

  • Source citation: Work cat.: (dpl)52451: 25528 Malekandathil, Pius, Maritime India :, 2010

670 ## - SOURCE DATA FOUND

  • Source citation: Work cat.: (dpl)52451: 25528 Malekandathil, Pius, Maritime India :, 2010

© Delhi Public Library
Hit Counter
free hit counter